000 00311nam a2200121Ia 4500
008 220217s9999||||xx |||||||||||||| ||und||
082 _a005.13 HOL
100 _aHolnzer, Steven
_93533
245 0 _aC++ programming balck book
260 _aCoriolas
_c2001
300 _b399
650 _aPROGRAMMING LANGUAGE
999 _c172137
_d172137